Conservation in the built environment (Record no. 102626)

MARC details
000 -LEADER
fixed length control field 00588cam a2200229 4500
008 - FIXED-LENGTH DATA ELEMENTS--GENERAL INFORMATION
fixed length control field #DATE n2004 000 0 eng u
020 ## - INTERNATIONAL STANDARD BOOK NUMBER
International Standard Book Number 041527334X
035 ## - SYSTEM CONTROL NUMBER
System control number (Sirsi) u121083
041 ## - LANGUAGE CODE
Language code of text/sound track or separate title eng
050 ## - LIBRARY OF CONGRESS CALL NUMBER
Classification number 690.241
-- 18
100 ## - MAIN ENTRY--PERSONAL NAME
Personal name Pickard, Robert D.
245 ## - TITLE STATEMENT
Title Conservation in the built environment
260 ## - PUBLICATION, DISTRIBUTION, ETC.
Name of publisher, distributor, etc. Spon
Date of publication, distribution, etc. 2004
350 ## - PRICE (NR) (BK AM CF MU VM SE) [OBSOLETE]
Price 22.99
520 ## - SUMMARY, ETC.
Summary, etc. Due for publication August 2004.
650 ## - SUBJECT ADDED ENTRY--TOPICAL TERM
Topical term or geographic name entry element BUILDING CONSERVATION
650 ## - SUBJECT ADDED ENTRY--TOPICAL TERM
Topical term or geographic name entry element BUILT HERITAGE
650 ## - SUBJECT ADDED ENTRY--TOPICAL TERM
Topical term or geographic name entry element CONSERVATION AREAS
650 ## - SUBJECT ADDED ENTRY--TOPICAL TERM
Topical term or geographic name entry element LISTED BUILDINGS
690 ## - LOCAL SUBJECT ADDED ENTRY--TOPICAL TERM (OCLC, RLIN)
Topical term or geographic name as entry element CONSERVATION
942 ## - ADDED ENTRY ELEMENTS (KOHA)
Suppress in OPAC 0

No items available.